Catálogo
 En Linea

La aventura del Guadalupe. : (Registro nro. 32027)

Detalles MARC
000 -CABECERA
campo de control de longitud fija 00345nam a2200121 a 4500
001 - NÚMERO DE CONTROL
campo de control 000032536
005 - FECHA Y HORA DE LA ÚLTIMA TRANSACCIÓN
campo de control 20200930065707.0
008 - DATOS DE LONGITUD FIJA--INFORMACIÓN GENERAL
campo de control de longitud fija 110719s1997 000 spa d
020 ## - NÚMERO INTERNACIONAL ESTÁNDAR DEL LIBRO
Número Internacional Estándar del Libro 8477824428
040 ## - FUENTE DE LA CATALOGACIÓN
Centro catalogador/agencia de origen DO-SdBNP
245 #0 - MENCIÓN DE TÍTULO
Título La aventura del Guadalupe. :
Resto del título su viaje a La Española y su hundimiento en la Bahía de Samaná.
260 ## - PUBLICACIÓN, DISTRIBUCIÓN, ETC.
Fecha de publicación, distribución, etc. 1997.
Existencias
Estado de retiro Estado de pérdida Restricciones de uso No para préstamo Código de colección Localización permanente Ubicación/localización actual Ubicación en estantería Fecha de adquisición Número de inventario Total de préstamos Signatura topográfica completa Código de barras Fecha visto por última vez Precio válido a partir de Tipo de ítem Koha Nota pública
      Excluido de préstamo Monografías: Libros y Folletos General General Depósito 19.07.2011 LF1   32536-30 25.06.2020 25.06.2020 No se presta Perteneció a la biblioteca personal de Germán Emilio Ornes.

Con tecnología Koha